00318 a2200097 4500001001000000005001700010008004100027245005800068100002200126773007200148ART_1182720260410161900.0260409a 10aInflation, tax rules, and the prices of land and gold1 aFeldstein, Martin0 tJournal of public economicsg- Vol. 14, NÂș 3 (dic. 1980)wREV11485